| 000 | 00599nam a2200181 a 4500 | ||
|---|---|---|---|
| 005 | 20210223120757.0 | ||
| 008 | 991125s1913 mx 000 0 spa u | ||
| 035 | _aUPN01000006900 | ||
| 049 | _aSEP | ||
| 050 | 4 |
_aRA643 _bC37 1913 |
|
| 245 | 0 | 0 | _aCartilla de los primeros síntomas de las enfermedades transmisibles. |
| 250 | _a2a ed. | ||
| 260 |
_aMéxico : _bMinisterio de Instrucción Públicay Bellas Artes, Servicio Higiénico Escolar, _c1913. |
||
| 300 | _a48 p., [1] h. pleg. | ||
| 500 | _aDisponible en la Colección Medina | ||
| 650 | 4 |
_aENFERMEDADES TRANSMISIBLES _92202 |
|
| 905 | _aLibro | ||
| 999 |
_c6900 _d6900 |
||